Nadnárodní společnosti

Enregistré dans:
Détails bibliographiques
Auteur principal: Ghertman, Michel
Autres auteurs: Procházková, Eva
Format: Livre
Langue:tchèque
Publié: Praha Nakladatelství HZ 1996
Sujets:
Tags: Ajouter un tag
Pas de tags, Soyez le premier à ajouter un tag!

MARC

LEADER 00000nam$a2200000$$$4500
001 0019643
005 20240111125443.1
020 |a 80-86009-06-8 
041 0 |a cze 
044 |a CZ 
245 1 0 |a Nadnárodní společnosti  |c Michel Ghertman 
264 1 |a Praha  |b Nakladatelství HZ  |c 1996 
300 |a 117 s. 
610 2 0 |a spoločnosti nadnárodné 
610 2 0 |a vývoj 
610 2 0 |a politika hospodárska 
610 2 0 |a rozvoj hospodársky 
610 2 0 |a hospodárstvo svetové 
610 2 0 |a politika 
610 2 0 |a politika sociálna 
610 2 0 |a kultúra 
100 1 |a Ghertman, Michel 
700 1 |a Procházková, Eva